000 03386nam a22003137a 4500
003 OSt
005 20210407082535.0
008 210407t2000 ck ad||gr|||| 00| 0 spa d
020 _a9586822117
_qColección
020 _a9586822125
_qV.6
040 _aCO-JMCR
_cCO-JMCR
041 0 _aspa
082 0 4 _a388.3 /
_bF162p
_223
100 1 _aFainbom, Israel,
_eeditor
_936655
245 1 0 _aProvisión de vías, transporte y servicios públicos /
_cIsrael Fainbom, Miguel Gandour, Maria Camila Uribe, editores
260 _aBogotá :
_bAlcaldía Mayor de Bogotá,
_c©2000
300 _avii, 222 páginas :
_bilustraciones y gráficas a blanco y negro ;
_c24 cm.
490 0 _aMisión de Reforma Institucional de Bogotá ;
_v6
500 _aIncluye notas a pie de página.
504 _aBibliografía: página 198
505 0 _aAnálisis de eficiencia del gasto público en vivienda -- Análisis de eficiencia de agua potable y saneamiento básico -- Análisis y diagnóstico institucional y financiero del sector de aseo en Colombia -- Análisis de eficiencia del gasto público distrital en el sector transporte
520 3 _aLa Alcaldía Mayor de Bogotá, a través de la Secretaria de Hacienda del Distrito Capital, organizó a finales de 1999 una Misión de Reforma Institucional para la administración distrital Instituciones Capitales. La Misión ha trabajado desde entonces en el diseño de una propuesta que integre cambios en las reglas de juego y en la estructura de las organizaciones que contribuyan a mejorar la gestión pública de la capital y alcanzar, en forma eficiente, en horizonte de diez años, coberturas universales en los servicios públicos y el gasto social, reducir la pobreza y la inseguridad; mejorar la provisión de espacios públicos y recreativos; hacer de Bogotá una ciudad más integrada, más amable, más equitativa y más competitiva; con un gobierno que responda mejor a las necesidades de los bogotanos y que rinda cuentas por sus acciones y resultados. La Misión aplica algunos de los avances recientes más importantes en la teoría económica de las instituciones y las organizaciones como herramienta de economía cuantitativa para la determinación de costos de producción eficientes para los diferentes bienes y servicios. El objetivo de la Misión es consolidar el capital social que requiere la ciudad que todos anhelamos. Tiene como base el capital institucional acumulado por el Distrito en las últimas administraciones. Las propuestas se construyen desde una visión de ciudad cada vez más compartida la cual incluye: -Un transporte racionalizado -Una mayor provisión de espacios públicos y recreativos - Una ciudad desmarginalizada, con expansión urbana ordenada -Coberturas totales de educación, salud, vivienda, alcantarillado, etcétera Las propuestas de reforma institucional apuntan a consolidar la sostenibilidad fiscal, la eficiencia y eficacia en el uso de los recursos, la capacidad gerencial de las organizaciones y la articulación de los procesos de toma de decisiones.
650 1 4 _aTránsito local
_vFundamentos
_xPlanificación
_zBogotá
_936668
650 2 4 _aServicios públicos
_xAspectos socioeconómicos
_zBogotá
_936669
650 2 4 _aTransporte urbano
_zBogotá
_936670
700 1 _aGandour, Miguel,
_eeditor
_936650
700 1 _aUribe, María Camila,
_eeditora
_936651
942 _2ddc
_cBK
999 _c15526
_d15526